00493 2200193 4500001002100000005001500021008004100036020001800077035002500095041000800120082000800128090000800136100001500144245005100159250001600210260004200226300002100268650001000289INLIS00000000000140420130515121148 ind  a979-511-578-2 a0010-051300000001404 aind aFik aFik aJames, P.D aPesona Kematian/ penerjemah, Indri K., Hidayat aCetakan : 2 aJakartabGramedia Pustaka Utamac1992 a448 hlm. ;18 cm. aFiksi